00611cam a22002171 45000010008000000030009000080050017000170080041000340100017000750350018000920400029001100420012001390500017001510820016001681000018001842450023002022600045002253000041002705000026003116510056003377490421BDDh-ASL20231015030148.0740703s1948 pk 000 0 eng  a 60025149  a(OCoLC)935871 aDLCcNSyUdDLCdBDDh-ASL apremarc00aDS485.K2bD3 a954.6bMHR 1 aDe Mhaffe, A.10aRoad to Kashmir /  aLahore : bRipon Print. Press,c[1948?]. axxiii, 206 p. : bfold. map.c22 cm. aErrata slip inserted. 0aJammu and Kashmir (India)xPolitics and government.